000
00228nam a2200097Ia 4500
001
644935
005
20250826153614.0
008
250824s9999 xx 000 0 und d
245
0
_a
Ormandan Gelen Ses
_c
Jack London
260
_b
ALTIN
999
_c
644935
_d
644935